| 000 | 00465nam a2200145Ia 4500 | ||
|---|---|---|---|
| 003 | SGT | ||
| 082 |
_a5.74 _bDES |
||
| 100 | _aDesai,Bipin C | ||
| 245 | 3 | _aAn introduction to database systems | |
| 260 |
_bGalgotia Publications Pvt. Ltd. _aN.Delhi _c2010 |
||
| 300 | _a934p. | ||
| 650 | _aCOMPUTER SCIENCE | ||
| 653 | _aBASIC CONCEPTS,DATA MODELS,ORGANIZATION,THE RELATIONAL MODEL,RELATIONAL DATABASE MANIPULATION,RELATIONAL DATABASE DESIGN,RECOVERY | ||
| 942 |
_2ddc _cBK |
||
| 999 |
_c5209 _d5209 |
||